[Event "Airthings Masters KO 2020"]
[White "Dubov,Daniil"]
[Black "Radjabov,Teimour"]
[Site "Online"]
[Round "2.1"]
[Annotator "TA"]
[Result "0-1"]
[Date "2020.12.30"]
[WhiteElo "2699"]
[BlackElo "2765"]
[PlyCount "106"]

1. e4 {} c5 2. Nf3 Nc6 3. d4 cxd4 4. Nxd4 e5 5. Nb5 d6 6. N1c3 a6 7. Na3 b5 8. Nd5 Nf6 9. Bg5 Be7 10. Bxf6 Bxf6 11. c3 Bg5 12. Nc2 Rb8 13. h4 {B33: Sicilian: Pelikan and Sveshnikov Variations.} ({Better is
} 13. a4 $14 )Bh6 (13... Bxh4 $15 14. g3 Bg5 )14. Be2 0-0 15. Bg4 {
The position is equal.} Be6 {[#]} 16. Kf1 $146 ({Predecessor:} 16. Ncb4 Nxb4 17. Nxb4 Qb6 18. 0-0 a5 19. Nd3 d5 20. Bxe6 Qxe6 21. Re1 Rbd8 {1-0 (62)
Sokolov,A (2632)-Calistri,T (2382) Montpellier 2006} )Qd7 17. Bf5 Kh8 18. Qh5 Bxf5 (18... b4 {with more complications.} 19. cxb4 Qa7 20. a3 Nd4 21. Nxd4 Qxd4 22. Rh3 Qxb2 23. Qd1 Rbc8 )19. exf5 f6 20. Rd1 a5 21. Rh3 Rbe8 22. Rhd3 (22. Na3 $14 )e4 $11 23. Nxf6 Rxf6 $17 24. Rxd6 Rxf5 (24... Rxd6 $17 25. Rxd6 Qc8 )25. Rxc6 $1 $11 {[#]} Rxf2+ $1 26. Kxf2 Qxc6 27. Kg1 b4 {
Decoy} 28. cxb4 axb4 29. Nxb4 Qb6+ 30. Kh1 {} Rf8 31. a3 (31. Nc2 $1 $11 {remains equal.} )e3 (31... Qf2 $17 {...Bf4 is the strong threat.} 32. Qg4 Bf4 )32. Qe5 Qg6 $36 { aiming for ...Qg4! Black is pushing.} (32... Bf4 $5 33. Rf1 $8 Qf6 34. Qxf6 Rxf6 $11 )33. Nd5 $1 {} Qc2 34. Rg1 {} (34. Rd4 $1 $11 )Qf2 $19 35. Qe7 $2 (35. Nc3 Qxh4+ 36. Qh2 )e2 36. Nc3 {[#]} Bg5 $1 {} 37. Qxg5 {Hoping for Nxe2.} e1=Q 38. Rxe1 Qxe1+ { Endgame KQR-KQN} 39. Kh2 h6 {
Black has strong compensation.} 40. Qg3 Qc1 41. Qd6 Rf1 (41... Rc8 $19 42. Qb4 Qd2 )42. Qd8+ $11 Kh7 {( -> ...Qf4+)} 43. Qd3+ Kh8 {Threatens to win with ...
Rh1+.} 44. Ne4 $2 {} (44. Qd8+ $11 Kh7 45. Qd3+ Kg8 46. Qd5+ Rf7 47. Kh3 )Rh1+ $19 45. Kg3 Qxb2 46. Qd8+ (46. Qd6 {only move.} Qb3+ 47. Kg4 )Kh7 {And now ...Qe5+ would win.} 47. Qd3 {White threatens Ng5+! and mate.
} Qe5+ {Black is clearly winning.} 48. Kg4 {Threatening mate with Nf6+!} Qe6+ 49. Kf4 {White wants to mate with Nf6+!} Rxh4+ 50. Ke3 (50. Kf3 $142 Qf5+ 51. Ke3 )Rg4 51. Kf3 Qf5+ 52. Ke3 Qf4+ 53. Kd4 Qd6+ {Weighted Error Value:
White=0.93/Black=0.44} 0-1

[Event "Airthings Masters KO 2020"]
[White "Vachier-Lagrave,Maxime"]
[Black "Aronian,Levon"]
[Site "Online"]
[Round "2.2"]
[Annotator "TA"]
[Result "1/2-1/2"]
[Date "2021.01.01"]
[WhiteElo "2784"]
[BlackElo "2781"]
[PlyCount "129"]

1. e4 {} e5 2. Nf3 Nc6 3. Bb5 Nf6 4. 0-0 Nxe4 5. d4 Nd6 6. Bxc6 dxc6 7. dxe5 Nf5 8. Qxd8+ Kxd8 9. h3 Ke8 10. Nc3 h5 {C67: Ruy Lopez: Berlin Defence: 4 0-0
Nxe4.} 11. Bf4 Bb4 12. Ne2 Be6 {With the idea ...Bc4.} 13. Ned4 Nxd4 14. Nxd4 {
[#]} Bd5 $146 ({Predecessor:} 14... Bc5 15. Nxe6 fxe6 16. g3 Rf8 17. h4 Rd8 18. Kg2 Rf7 19. Rad1 Rfd7 20. Rxd7 Rxd7 {1/2-1/2 (69) Sutovsky,E (2635)-Ivanchuk,V
(2726) Skopje 2015} )15. a3 Be7 16. Rfe1 g5 17. Bg3 Rh6 18. Rad1 Rg6 19. e6 fxe6 20. Bxc7 Rc8 21. Be5 Rd8 22. b3 c5 23. Nb5 a6 24. Nc3 Bc6 25. Rxd8+ Kxd8 26. Ne4 g4 27. hxg4 hxg4 28. c4 Ke8 29. Nd6+ Kf8 30. Nc8 (30. a4 {looks
sharper.} Rg8 31. Kh2 Rg5 32. Bg3 Rh5+ 33. Kg1 )Kf7 31. Nxe7 Kxe7 $14 {
 Endgame KRB-KRB} 32. Kh2 Rg8 33. Rd1 Rg5 34. Bf4 Rg7 35. Be5 Rg5 36. Bd6+ Kf6 37. Kg3 Rf5 38. Rh1 Be4 39. Rh6+ Kf7 40. Rh7+ ({Much weaker is} 40. Kxg4 Rxf2 41. g3 (41. Bxc5 Rxg2+ 42. Kf4 Bc2 $11 )Rf3 $11 )Kf6 41. Rc7 Bc6 42. Rh7 ({Don't play} 42. Kxg4 $6 Rxf2 43. g3 Bf3+ 44. Kf4 Bc6+ 45. Kg4 Be4 $11 )Be4 $1 43. Rc7 Bc6 $1 44. Rc8 ({But not} 44. Kxg4 $6 Rxf2 45. g3 Rb2 $11 )Kg7 45. Rd8 Be4 46. Re8 Kf6 47. Rg8 Bc2 48. b4 cxb4 49. Bxb4 Be4 50. Rxg4 Bc6 51. f3 e5 52. Rh4 Kg6 53. Bc3 Kf7 54. Bd2 e4 {} 55. f4 e3 56. Bxe3 Ra5 57. Bc1 Rc5 58. f5 Rxf5 59. Rd4 Ke6 {The
position is equal.} 60. Rd3 (60. Bf4 {feels hotter.} Ra5 61. Rd3 Rc5 62. Rc3 b5 63. Re3+ )Rc5 61. Rc3 b5 62. Re3+ Kf7 63. cxb5 axb5 64. Bd2 Rg5+ 65. Kf4 {Weighted Error Value: White=0.08/Black=0.04} 1/2-1/2

[Event "Airthings Masters KO 2020"]
[White "Aronian,Levon"]
[Black "Vachier-Lagrave,Maxime"]
[Site "Online"]
[Round "2.2"]
[Annotator "TA"]
[Result "1-0"]
[Date "2021.01.01"]
[WhiteElo "2781"]
[BlackElo "2784"]
[PlyCount "225"]

1. d4 {} Nf6 2. c4 g6 3. Nc3 d5 4. Bg5 Ne4 5. Bf4 Nxc3 6. bxc3 c5 {
D80: Grünfeld: Unusual White 4th moves and 4 Bg5.} 7. cxd5 Qxd5 8. e3 cxd4 {
The position is equal.} 9. Qxd4 Qxd4 10. cxd4 Nc6 11. Nf3 {[#]} e6 $146 ({
Predecessor:} 11... Bg7 12. Be2 0-0 13. Rb1 a6 14. a4 Re8 15. 0-0 e5 16. dxe5 Nxe5 17. h3 Bd7 18. Rxb7 Bxa4 19. Nxe5 Bxe5 {1-0 (59) Boelker,F (1823)
-Klueppel,R (1714) Germany 2010} )12. Rb1 f6 13. h4 Bb4+ 14. Kd1 Be7 15. Bc4 Na5 16. Bd3 Bd7 17. Ke2 0-0 18. e4 Rac8 19. Bd2 b6 20. Bxa5 bxa5 21. Rb7 $36 {
 Double Attack. White is really pushing.} Rfd8 22. Rxa7 Rb8 (22... Ra8 $16 {was called for.} 23. Rb7 Ba3 )23. Rc1 $18 Rb2+ 24. Rc2 Rxc2+ 25. Bxc2 Bb4 26. Bb3 Kf8 27. e5 fxe5 28. Nxe5 Be8 29. Ke3 ({Inferior is} 29. Bxe6 Rxd4 30. Kf3 Bd6 $11 )Bc3 30. Nf3 Bd7 (30... Bc6 $16 31. Rxh7 Bxf3 )31. Rc7 Bb2 32. Ng5 h6 33. Nh7+ ({Resist} 33. Bxe6 $6 Bxd4+ 34. Ke4 hxg5 $14 )Ke8 34. Bc2 Rc8 35. Nf6+ Ke7 36. Rxc8 Bxc8 $16 { Endgame KBB-KBN} 37. Ng4 h5 38. Ne5 Bc1+ 39. Ke2 g5 40. hxg5 Bxg5 41. f4 Bf6 42. g3 Bb7 43. Ke3 ({
Better is} 43. Bb3 )Bd5 44. a4 Kd6 45. Nf7+ Ke7 46. Ng5 Bc6 47. Bd1 Bg7 48. Nf3 Bf6 49. Ne5 { Discovered Attack} Be8 50. Nc4 h4 51. gxh4 Bxh4 52. Nxa5 Be1 53. Nb7 {Strongly threatening a5.} Bc6 54. Nc5 Bb4 55. Bf3 Be8 56. Be2 Bc6 57. Bf3 Be8 58. Kd3 Kf6 $2 {} (58... Ba5 $16 59. Bg4 Bf7 )59. Kc4 $1 $18 {} Ba5 60. Bg4 Ke7 61. Kd3 ({Weaker is} 61. Nxe6 Bxa4 62. f5 Bd2 $16 )(61. Bxe6 $18 {and the rest is easy.} Bxa4 62. Nxa4 Kxe6 63. Nc3 )Bb6 62. Bd1 Bc7 63. Ke3 Ba5 (63... Bc6 $16 64. Bf3 Be8 )64. Bb3 Bb4 65. Ke4 {Hoping for Ke5.} Kf6 66. Bc4 (66. Kd3 $16 )Bc6+ $1 $11 67. Ke3 {aiming for Bb5.} Ke7 (67... Bxc5 $11 {keeps the balance.} 68. dxc5 Bxa4 )68. Bb5 Bd5 69. Nd3 Ba5 70. Ne5 Bc7 (70... Kd6 $16 {keeps fighting.} 71. Bc4 Bb6 )71. Kd3 Kf6 72. Bc6 Bb3 73. Nd7+ Kf5 (73... Ke7 $18 74. Nc5 Ba2 )74. Nc5 Ba2 75. Kc3 ({White should play} 75. Na6 $16 Bd8 76. Ke3 )Kxf4 76. Kb2 Bc4 $1 77. Kc3 Ba2 78. Nb7 Bb6 $2 { Black is now going downhill.} (78... Ke3 $11 )79. a5 $18 Ba7 $2 (79... Bc7 80. a6 Bb6 )80. Nd6 $1 {} e5 81. d5 {} e4 {[#]} 82. Nxe4 $1 {} Ke5 83. d6 Be6 {[#]} 84. Kd3 $1 {White mates.} Bb8 85. d7 Bc7 86. a6 Bxd7 87. Bxd7 Bb6 88. Bc6 Bg1 89. Kc4 Ba7 90. Nc3 Bb6 91. Nb5 Ke6 92. a7 Bxa7 93. Nxa7 Kd6 94. Bd5 Ke5 95. Kc5 Kf5 96. Kd4 Kf4 97. Nc6 Kf5 98. Ne5 Kf6 99. Be4 Ke6 100. Nc4 Kf6 101. Kd5 Ke7 102. Bf5 Kf6 103. Ke4 Ke7 104. Ke5 Kf7 105. Nd6+ Kg7 106. Ke6 Kg8 107. Kf6 Kh8 108. Nf7+ Kg8 109. Bg6 Kf8 110. Bh7 Ke8 111. Ne5 Kd8 112. Ke6 Kc7 113. Nd7 {Weighted Error Value: White=0.09/Black=0.16} 1-0

[Event "Airthings Masters KO 2020"]
[White "Radjabov,Teimour"]
[Black "Dubov,Daniil"]
[Site "Online"]
[Round "2.2"]
[Annotator "TA"]
[Result "1-0"]
[Date "2021.01.01"]
[WhiteElo "2765"]
[BlackElo "2699"]
[PlyCount "95"]

1. Nf3 {} Nf6 2. c4 b6 3. d4 Bb7 4. g3 g6 5. Bg2 Bg7 6. 0-0 0-0 7. Nc3 Ne4 8. Nxe4 Bxe4 9. Be3 c5 {
A50: Queen's Fianchetto Defence (1 d4 Nf6 2 c4 b6).} 10. Qd2 d6 11. Bh6 Nd7 {
 The position is equal.} 12. Rfd1 Nf6 13. Bxg7 Kxg7 14. Rac1 Qc7 15. Nh4 {[#]} Rab8 $146 ({Predecessor:} 15... Bxg2 16. Nxg2 Qb7 17. Nf4 cxd4 18. Nd5 Nxd5 19. cxd5 Qxd5 20. Qxd4+ Qxd4 21. Rxd4 Rfc8 {
0-1 (60) Bellia,F (2444)-Short,N (2688) Abu Dhabi 2017} )16. Bxe4 Nxe4 17. Qe3 Nf6 18. Qg5 Kh8 (18... e6 {is more complex.} 19. Qd2 Qe7 20. Ng2 Rbd8 21. Qc2 h5 )19. Qh6 Rfc8 20. Nf3 Kg8 21. b3 a6 22. Ng5 Qd8 23. Nf3 (23. e4 $5 {} Qf8 24. Qxf8+ Rxf8 25. e5 dxe5 26. dxe5 $14 )Qd7 24. Kg2 Qe6 25. Rd2 Qe4 26. Kf1 (26. h3 $142 )Rc7 $11 27. Rd3 Qf5 28. Kg2 Qe4 29. Kf1 Rbc8 30. d5 b5 {[#]} (30... Ng4 $11 31. Qxh7+ { Decoy} Kxh7 32. Ng5+ {
 Double Attack} Kg7 33. Nxe4 Nxh2+ 34. Kg2 Ng4 )31. h3 $1 $16 Rb8 {[#]
} 32. g4 $1 {Strongly threatening Re3.} e5 33. dxe6 $1 Qxe6 34. Qf4 Ne8 35. Re3 Qd7 36. Ng5 d5 37. cxd5 Qxd5 {} 38. Kg1 c4 39. bxc4 bxc4 40. Ne4 Rcb7 {[#]} (40... Qd8 $16 )41. Rxc4 $3 $18 {} Rb1+ (41... f5 42. gxf5 )42. Kh2 Qd1 {} 43. Kg3 h5 $2 (43... R1b5 44. Rf3 Qd7 )44. Rf3 f5 (44... h4+ 45. Kxh4 Qd8+ 46. Kg3 Qe7 )45. gxf5 Qh1 46. Kh4 {White
mates.} ({Not} 46. fxg6 $2 Rg1+ 47. Kh4 Rg4+ 48. Qxg4 hxg4 $19 )Rg1 47. Rg3 Rb5 48. Rc8 {Weighted Error Value: White=0.14/Black=0.44} 1-0

[Event "Airthings Masters KO 2020"]
[White "Dubov,Daniil"]
[Black "Radjabov,Teimour"]
[Site "Online"]
[Round "2.2"]
[Annotator "TA"]
[Result "0-1"]
[Date "2021.01.01"]
[WhiteElo "2699"]
[BlackElo "2765"]
[PlyCount "126"]

1. Nf3 {Krasenkow,M} Nf6 2. c4 e6 3. Nc3 d5 4. d4 Be7 5. g4 0-0 6. g5 {D37: Queen's Gambit Declined: 5 Bf4.
} Ne4 {[#]} 7. Bg2 $146 ({Predecessor:} 7. Qc2 Nxg5 8. Bxg5 Bxg5 9. h4 Bh6 10. e3 c6 11. Ng5 f5 12. Rg1 Qe7 13. 0-0-0 {1/2-1/2 (43) Mamedyarov,S (2761)
-Ponomariov,R (2734) Dortmund 2010 CBM 138 [Krasenkow,M]} )c5 8. dxc5 {
The position is equal.} Nxc3 9. bxc3 Bxc5 10. h4 Nc6 11. h5 dxc4 12. Qc2 (12. Qxd8 $11 Rxd8 13. Nd2 )e5 13. Rb1 Bb6 (13... f5 $17 14. gxf6 Qxf6 )14. Nh4 (14. Ba3 $14 )f5 $11 15. gxf6 (15. Ba3 $11 {keeps the balance.} )Qxf6 $17 16. e3 Be6 17. Be4 Qh6 18. Ba3 Rf7 ({Avoid the trap} 18... Qxh5 $2 19. Bxf8 Rxf8 20. Ng6 $1 $18 {} )19. Qe2 (19. Rd1 $17 )Rd8 (19... Ba5 $1 $19 20. Kf1 Bxc3 )20. Rg1 (20. Rd1 $1 $15 )Qf6 (20... Ba5 $19 21. Bb4 Bxb4 22. cxb4 c3 )21. Nf3 {Ng5 would now be nice for White.} Bd5 (21... Ba5 $1 $17 22. Rc1 Rfd7 )22. Bxd5 (22. Ng5 $11 Bxe4 23. Nxe4 )Rxd5 23. Ng5 Qf5 ({Black should try} 23... e4 $1 $17 24. Nxf7 Qxf7 )24. Rc1 (24. Rxb6 $1 $11 Rfd7 25. Rb2 )Rf6 $36 { Black is in control.} 25. Rg2 $2 {} (25. Rc2 $17 {is more resistant.} )Rd3 {Threatens
to win with ...Bxe3!} 26. Qg4 {[#]} Rxe3+ $1 {} 27. Kf1 Qxg4 28. Rxg4 Rd3 29. Rc2 h6 30. Ne4 Rf4 31. Rxf4 exf4 32. Kg2 Rd5 33. Bd6 Rxh5 34. Bxf4 Rd5 35. Re2 (35. Rb2 {is a better defense.} )Kh7 36. Nd2 Ba5 37. Nxc4 Bxc3 38. Nd6 b6 39. Rc2 {[#]} Nd4 $1 40. Rxc3 Ne2 $1 {
Double Attack} 41. Rc6 Nxf4+ $19 { Endgame KRN-KRN} 42. Kf3 Nd3 43. Ke4 Nb4 44. a3 $2 {[#]} (44. Nc8 {was called for.} )Rd4+ $3 {} 45. Kxd4 Nxc6+ {KN-KN} 46. Kd5 Na5 47. Nc8 h5 48. Nxa7 h4 {White must now
prevent ...h3.} 49. Ke4 Nc4 (49... Kh6 $142 50. Kf3 Kh5 )50. Kf4 $2 {[#]} (50. Kf3 )g5+ $2 (50... Ne5 $1 $19 { And now ...g5+! would win.} 51. f3 g5+ 52. Ke3 Nc4+ 53. Ke2 Nxa3 )51. Kg4 $17 Ne5+ 52. Kh3 Kg6 {aiming for ...
Kh5.} 53. Nc8 Nc4 $1 {Strongly threatening ...b5.} 54. Kg4 b5 $1 55. f4 $1 Ne3+ ({Of course not} 55... Nxa3 $6 56. fxg5 Kh7 57. Nb6 $11 )56. Kf3 $2 { [#]} (56. Kh3 $15 )h3 $1 { Black mates.} 57. Kg3 {[#]} g4 $1 58. Ne7+ Kf6 59. Nc6 Nf1+ 60. Kf2 {[#]} h2 $1 61. Kg2 {[#]} g3 $1 62. Ne5 (62. Nd4 Ne3+ )Ne3+ 63. Kh1 Nd1 {Weighted Error Value: White=0.52/
Black=0.31} 0-1

[Event "Airthings Masters KO 2020"]
[White "Vachier-Lagrave,Maxime"]
[Black "Dubov,Daniil"]
[Site "Online"]
[Round "3.1"]
[Annotator "TA"]
[Result "1-0"]
[Date "2021.01.01"]
[WhiteElo "2784"]
[BlackElo "2699"]
[PlyCount "101"]

1. e4 {} e5 2. Nf3 Nc6 3. Bc4 Nf6 4. d3 Be7 5. Nc3 d6 6. a4 0-0 7. 0-0 {is the legacy move (7.a5).} h6 8. h3 Be6 {C55: Two Knights: 4 d3, 4 d4 exd4 5 e5 and Max Lange Attack.} 9. Re1 Nxe4 { Remove Defender, Decoy} 10. Nxe4 d5 {White is slightly better.} 11. Bb5 dxe4 12. Bxc6 bxc6 13. Nxe5 {[#]} exd3 $146 ({Predecessor:} 13... Bd6 14. Rxe4 Bd5 15. Re1 Re8 16. Ng4 Rxe1+ 17. Qxe1 Qd7 18. Bd2 Re8 19. Qd1 Qf5 {
1/2-1/2 (35) Gurevich,V (2484)-Wemmers,X (2354) Belgium 2014} )14. Nxc6 dxc2 15. Qxc2 Qd7 16. Bf4 Bf6 17. Rac1 Bd5 18. b4 {} a6 19. Red1 {White wants to play b5.} Rfe8 20. b5 {Nb4 is the strong threat.} Qe6 $1 {White must now prevent ...Bb3.} 21. Qd2 $36 { White has some
pressure.} ({Much worse is} 21. Bxc7 Bb3 $17 )Bxc6 22. Rxc6 Qf5 {And now
...Rad8 would win.} 23. Bxc7 {Threatens to win with b6.} ({But not} 23. Rxa6 $2 Rad8 $19 )({Not} 23. bxa6 $2 Red8 $19 )axb5 24. a5 Re6 (24... Qe4 $11 25. Qd5 b4 )25. Rxe6 $14 Qxe6 {[#] Black is now going downhill.} 26. Bb6 $1 Qb3 {
[#]} ({Black should try} 26... Re8 $14 )27. Qd3 $1 $16 {} Qxd3 28. Rxd3 { Endgame KRB-KRB} b4 29. Kf1 Kf8 30. Ke2 Bc3 (30... Ke7 $16 {
was worth a try.} 31. Bc5+ { Double Attack} Ke6 )31. Kd1 $18 Ke7 32. Kc2 Ke6 33. Kb3 f5 34. f4 g5 $2 (34... g6 35. Rd1 Rb8 )35. g3 (35. fxg5 $142 hxg5 36. Rd8 )g4 36. h4 Kf7 $2 (36... h5 37. Rd1 Rb8 )37. h5 Be1 38. Ka4 Rb8 39. Kb5 Kf6 40. a6 Bf2 {[#]} 41. a7 $1 {White mates.} Rxb6+ {KRB-KR} 42. Ka5 Rb7 43. a8=Q Ra7+ {[#]} 44. Qxa7 $1 Bxa7 45. Kxb4 {KR-KB} Bf2 46. Kb5 Ke6 47. Kc6 Kf6 48. Kd5 Be1 49. Ra3 Bf2 50. Ra6+ Kg7 51. Ke5 {Weighted Error Value:
White=0.08/Black=0.38} 1-0

[Event "Airthings Masters KO 2020"]
[White "Aronian,Levon"]
[Black "Radjabov,Teimour"]
[Site "Online"]
[Round "3.1"]
[Annotator "TA"]
[Result "0-1"]
[Date "2021.01.01"]
[WhiteElo "2781"]
[BlackElo "2765"]
[PlyCount "96"]

1. e4 {} e5 2. Nf3 Nc6 3. Bb5 Nf6 4. 0-0 Nxe4 5. d4 Nd6 6. Bxc6 dxc6 7. dxe5 Nf5 8. Qxd8+ Kxd8 9. h3 Bd7 {C67: Ruy Lopez: Berlin Defence: 4 0-0 Nxe4.} 10. Rd1 Kc8 11. g4 {[#] Strongly threatening Rxd7.} Ne7 {The position is equal.} 12. Ng5 Be8 13. f4 c5 $5 { An interesting side line.} 14. Nc3 b6 {[#]} (14... h6 {looks sharper.} 15. Nf3 Bc6 16. Kf2 g6 17. a4 a5 )15. f5 $146 ({
Predecessor:} 15. Kf2 Nc6 16. Be3 Nd4 17. Bxd4 cxd4 18. Ne2 c5 19. c3 h6 20. Ne4 Bc6 21. N4g3 dxc3 22. Nxc3 {1-0 (39) Dominguez Perez,L (2732)-Melkumyan,H 
(2622) Baku 2015} )Nc6 16. Bf4 Nd4 17. Kf2 h6 18. Nf3 Nxc2 19. Rac1 Nb4 20. a3 Nc6 21. Nd5 Ne7 22. Ne3 Nc6 (22... Kb7 $15 )23. f6 (23. Nd5 $11 )Bd7 {Black converts the advantage convincingly.} (23... g5 $17 24. Bg3 Nd8 )24. b4 ({White should play} 24. fxg7 $15 Bxg7 25. b4 )g5 $17 25. Bg3 Be6 26. Rd3 Kb7 27. Rdc3 Rd8 28. Nf5 a5 29. b5 Na7 30. a4 c6 31. bxc6+ Nxc6 32. Ke2 Nb4 33. Rd1 (33. Rb1 $17 {was called for.} )Rxd1 $19 34. Kxd1 Nd5 35. Ra3 c4 36. Nd6+ Bxd6 37. exd6 Rd8 38. Be5 Nb4 39. Bg3 Nd3 40. Nd4 Bd7 41. Kd2 Re8 42. Nc2 $2 (42. Rc3 )Nc5 {Black is clearly winning.} 43. Re3 Ne4+ 44. Kc1 Nxg3 45. Rxg3 Re6 46. Rc3 Rxf6 47. Rxc4 {[#] Hoping for Rc7+.} Rxd6 48. Kb2 Rd3 {Weighted Error Value: White=0.28/Black=0.07} 0-1

[Event "Airthings Masters KO 2020"]
[White "Radjabov,Teimour"]
[Black "Aronian,Levon"]
[Site "Online"]
[Round "3.1"]
[Annotator "TA"]
[Result "1/2-1/2"]
[Date "2021.01.01"]
[WhiteElo "2765"]
[BlackElo "2781"]
[PlyCount "89"]

1. d4 {} Nf6 2. c4 e6 3. Nf3 d5 4. Nc3 Bb4 5. Bg5 dxc4 6. e4 c5 7. Bxc4 cxd4 8. Nxd4 Bxc3+ 9. bxc3 Qa5 10. Bb5+ Nbd7 11. Bxf6 Qxc3+ 12. Kf1 gxf6 13. h4 Qb4 {D39: Queen's Gambit Declined: Ragozin Defence with 5
Bg5 dxc4.} 14. Rh3 { White has compensation.} a6 $1 {} 15. Be2 Ne5 16. Rb1 Qd6 17. Rc3 0-0 {is now debated instead of 17...b5.} 18. h5 Rd8 19. Rg3+ Kf8 20. Qb3 Qc5 ({Avoid the trap} 20... Qxd4 $2 21. Rd1 $18 )21. Nf3 Ke7 22. Nxe5 Qxe5 23. Qa3+ Qd6 24. Qe3 {Rd1 is the strong threat.} Qd2 25. Qc5+ ({White should play} 25. Qb3 $14 )Qd6 $11 26. Qc3 Qe5 27. Qa3+ Qd6 28. Qc1 {[#] Threatens to win with Rd3.} Bd7 29. Rxb7 {[#]} Rac8 $146 ({
Predecessor:} 29... Rdc8 30. Qe1 Qc5 31. Rd3 Rc7 32. Rxc7 Qxc7 33. Qb4+ Ke8 34. Rg3 {1/2-1/2 (32) Bokar,J (2539)-Jonsson,D (2557) ICCF email 2018} )30. Qb2 Qe5 ({Better is} 30... Rb8 $11 31. Rgb3 (31. Rf3 Qe5 $11 )Rxb7 32. Rxb7 Rc8 )31. Qa3+ $14 Qc5 {[#] And now ...Qxa3 would win.} 32. Bxa6 Qxa3 33. Rxa3 Kf8 34. Bd3 Rc5 35. g4 e5 36. f3 Kg7 {The position is equal.} 37. Ke2 Be6 38. Rb2 Rc1 39. Ke3 Kh6 40. Rc2 Ra1 41. Bc4 Rc8 42. Rac3 Rxc4 43. Rxc4 Bxc4 44. Rxc4 {
Black should prevent Rc7.} Rxa2 45. Rc7 {Weighted Error Value: White=0.08/
Black=0.07} 1/2-1/2

[Event "Airthings Masters KO 2020"]
[White "Dubov,Daniil"]
[Black "Vachier-Lagrave,Maxime"]
[Site "Online"]
[Round "3.1"]
[Annotator "TA"]
[Result "0-1"]
[Date "2021.01.01"]
[WhiteElo "2699"]
[BlackElo "2784"]
[PlyCount "96"]

1. e4 {} c5 2. Nf3 d6 3. Bb5+ Nd7 4. 0-0 a6 5. Bxd7+ Bxd7 6. c3 Nf6 7. Re1 Bc6 8. d4 Bxe4 9. Bg5 Bg6 10. d5 {B51: Sicilian: Moscow Variation (3 Bb5+) without 3...Bd7.} Qd7 11. Nbd2 0-0-0 ({Not} 11... Nxd5 $2 12. Nc4 $18 )12. b4 {[#] The position is
equal.} e6 $146 (12... Nxd5 $11 13. Nc4 e6 )({Predecessor:} 12... Nxd5 13. Nc4 e6 14. Bxd8 Qxd8 15. bxc5 dxc5 16. Nfe5 Qc7 17. Qf3 b5 18. Nxg6 hxg6 {1/2-1/2 
(27) Delavekouras,S (2406)-Keuter,K (2461) ICCF email 2014} )13. Nc4 (13. dxe6 $1 $16 fxe6 14. bxc5 )Qb5 (13... Nxd5 $11 14. Bxd8 Qxd8 )14. Nfd2 exd5 $2 { [#]} (14... Nxd5 $14 15. Bxd8 Kxd8 )15. a4 $1 $18 Qc6 {[#]} 16. b5 $1 axb5 (16... Qc7 $142 )17. axb5 Qxb5 18. Qf3 $2 dxc4 $11 19. Bxf6 gxf6 $2 (19... Rd7 $11 20. Nf1 gxf6 21. Ra8+ Kc7 )20. Ra8+ $16 Kc7 21. Rxd8 Kxd8 22. Qxf6+ { Double Attack} Kd7 {aiming for ...Rg8.} 23. Qxh8 Be7 {[#]} 24. Nf1 (24. h4 $1 $16 )Qb6 $14 {next ...Qd8 is good for Black.} 25. Qa8 Qa6 26. Qh8 {Ne3 is the strong threat.} (26. Qg8 {is interesting.} Qb6 27. Qb8 Qa6 28. Ne3 Bd8 29. f3 )b5 (26... Qb6 $11 {remains equal.} )27. Ne3 (27. h4 $16 )Qc8 $11 28. Qxc8+ Kxc8 29. Nxc4 $1 { Endgame KRN-KB} Kd8 30. Na3 b4 31. cxb4 cxb4 32. Nc4 Kd7 33. f3 {[#]} (33. Rc1 $1 $11 )b3 $1 $17 34. Kf2 (34. Rd1 $17 {was worth a try.} Bf6 35. Rxd6+ { Double
Attack} Ke7 36. Rc6 )Bf6 $19 35. Nd2 (35. Rd1 {keeps fighting.} b2 36. Nxb2 Bxb2 37. g4 )b2 36. Ne4 $2 (36. Re4 )Bxe4 37. fxe4 {KR-KB} Bg5 38. Rb1 Bc1 39. Ke2 Ke6 40. Kd3 Ke5 41. g3 h5 {Black mates.} 42. h3 f6 43. h4 f5 44. exf5 Kxf5 45. Kd4 Kg4 46. Kd5 Kxg3 47. Kxd6 Kxh4 48. Ke5 Kg3 {What a
bad dream for White.  Weighted Error Value: White=0.84/Black=0.47} 0-1

[Event "Airthings Masters KO 2020"]
[White "Vachier-Lagrave,Maxime"]
[Black "Dubov,Daniil"]
[Site "Online"]
[Round "3.2"]
[Annotator "TA"]
[Result "1-0"]
[Date "2021.01.03"]
[WhiteElo "2784"]
[BlackElo "2699"]
[PlyCount "91"]

1. e4 {} e5 2. Nf3 Nc6 3. Bb5 a6 4. Ba4 Nf6 5. 0-0 b5 6. Bb3 Bc5 7. c3 d6 8. d4 Bb6 9. a4 Rb8 10. a5 {C78: Ruy Lopez: Archangelsk and Möller Defences.} Ba7 ({Don't go for} 10... Bxa5 $2 11. dxe5 (11. d5 Ne7 $18 )dxe5 12. Qxd8+ Kxd8 13. Bd5 $18 (13. Bxf7 Bb6 $16 ))11. h3 Bb7 12. Re1 {The position is equal. 12.Be3 injects fresh
life into this line.} Ne7 13. Bc2 0-0 14. Nbd2 Ng6 15. Nf1 Re8 16. Ng3 {[#]} exd4 $146 ({Predecessor:} 16... d5 17. Nxe5 Nxe4 18. Nf3 c5 19. dxc5 Bxc5 20. Be3 Bxe3 21. Rxe3 Qc7 22. Ne2 Rbd8 {1/2-1/2 (99) Lopez Martinez,J (2570)
-Halkias,S (2570) Novi Sad 2009} )17. cxd4 c5 18. d5 c4 19. b4 cxb3 20. Bxb3 Nd7 21. Nf5 (21. Bg5 $14 Qc7 22. Qd2 )Nde5 $11 22. Be3 Bxe3 23. Rxe3 Bc8 24. N3d4 Qf6 25. Rc1 Bxf5 26. exf5 Nh4 27. Nc6 {aiming for Rxe5.} Nxf5 {[#]} (27... Ra8 $1 $11 {remains equal.} )28. Rxe5 $1 $16 {} dxe5 29. Nxb8 Rxb8 30. Rc6 Qd8 {Loses the game.} (30... Nd6 $16 )31. d6 $1 $18 Nd4 32. Rxa6 b4 33. Ra7 Kh8 34. Rxf7 {Strongly threatening Qg4.} Nxb3 35. Qxb3 Qxd6 {
 Endgame [#] KQR-KQR} 36. Qc4 h6 (36... b3 $142 37. Rb7 b2 38. Rxb2 Ra8 )37. a6 {} b3 {[#]} 38. Rb7 $1 Ra8 39. a7 b2 40. Qb3 Qd2 41. Rb8+ {White mates.} Kh7 42. Qg8+ Kg6 43. Qe6+ { Double
Attack} Kg5 44. Qxe5+ { Double Attack} Kg6 45. Qe6+ Kg5 46. Rb5+ {
Weighted Error Value: White=0.05/Black=0.44} 1-0